00561nam a2200193Ia 450000500170000000800410001708200190005810000200007710000140009724500400011126000420015130000170019365000120021065000160022265000130023894200060025195200950025799900150035220250224010536.0240331s9999 xx 000 0 und d bRAJ22457a922 aRajadurai, S.V  aS. Geetha 0aPeriyar: Suyamariyathai Samatharmam aKovaibVidiyal Publishing Housec1996 axiv, 816 p., aJustice aSelf Esteem aEquality cL 001040708LaWERCLbWERCLcSSCd2024-03-31l0o 922 RAJp2457r2024-03-31w2024-03-31yL c4265d4265